| 000 | 00906nam a2200277Ia 4500 | ||
|---|---|---|---|
| 005 | 20220316235934.0 | ||
| 008 | 141017s1994 sp a gr 000 0 spa | ||
| 020 | _a8434217538 | ||
| 041 | 0 | _aspa | |
| 082 | 0 | 4 |
_a757.22 _bG71 |
| 100 | 1 | _aCalbó Angrill, Muntsa | |
| 245 | 1 | 3 |
_aEl gran libro del desnudo _ctextos, Muntsa Calbó Angrill ; ilustraciones, Antonio Muñoz Tellado |
| 250 | _aTercera edición | ||
| 300 |
_a192 páginas _bilustraciones _c28 cm |
||
| 504 | _aIncluye bibliografía | ||
| 650 | 1 | 4 |
_aDesnudo en el arte _2LEMB |
| 650 | 1 | 4 |
_aFigura humana en el arte _2LEMB |
| 650 | 1 | 4 |
_aArte erótico _2LEMB |
| 700 | 1 |
_aMuñoz Tellado, Antonio _eilustrador _936092 |
|
| 942 |
_2ddc _cBK |
||
| 264 |
_aBarcelona _bParramón _c1994 |
||
| 336 |
_atexto _btxt _2rdacontent |
||
| 337 |
_asin mediación _bn _2rdamedia |
||
| 338 |
_avolumen _bnc _2rdacarrier |
||
| 040 |
_aCO-BoRNBP _bspa _erda _cCO-BoRNBP |
||
| 999 |
_c2656 _d2656 |
||